Normal view
MARC view
- Auditing.
Entry Topical Term
001 - CONTROL NUMBER
- control field: 43093
003 - CONTROL NUMBER IDENTIFIER
- control field: OSt
005 - DATE AND TIME OF LATEST TRANSACTION
- control field: 20210412092427.0
008 - FIXED-LENGTH DATA ELEMENTS
- fixed length control field: 210412|| aca||aabn | a|a d
040 ## - CATALOGING SOURCE
- Original cataloging agency: OSt
- Transcribing agency: OSt
150 ## - HEADING--TOPICAL TERM
- Topical term or geographic name entry element: Auditing.
670 ## - SOURCE DATA FOUND
- Source citation: Work cat.: (OSt): McAllister, John P. 43092, Expanded information in the audit report/, ©2011.
